Müslüman olan papaz: esrar-ı iseviyye Allah bir midir, üç müdür? (Record no. 11109)

000 -LEADER
fixed length control field 01027nmm a2200301 a 4500
001 - CONTROL NUMBER
control field ocm0001083742
003 - CONTROL NUMBER IDENTIFIER
control field TR-IsHL
005 - DATE AND TIME OF LATEST TRANSACTION
control field 20201028151633.0
008 - FIXED-LENGTH DATA ELEMENTS--GENERAL INFORMATION
fixed length control field 150709s2003 tu tur
007 - PHYSICAL DESCRIPTION FIXED FIELD--GENERAL INFORMATION
fixed length control field cr cn
020 ## - INTERNATIONAL STANDARD BOOK NUMBER
International Standard Book Number 9789758514403
035 ## - SYSTEM CONTROL NUMBER
System control number 1083742
-- (N$T)
050 04 - LIBRARY OF CONGRESS CALL NUMBER
Classification number BT115
Item number .D38 2003
090 04 - LOCALLY ASSIGNED LC-TYPE CALL NUMBER (OCLC); LOCAL CALL NUMBER (RLIN)
Classification number (OCLC) (R) ; Classification number, CALL (RLIN) (NR) BT115
Local cutter number (OCLC) ; Book number/undivided call number, CALL (RLIN) .D38 2003
100 1# - MAIN ENTRY--PERSONAL NAME
Personal name Davud, Abdülehad
245 10 - TITLE STATEMENT
Title Müslüman olan papaz: esrar-ı iseviyye Allah bir midir, üç müdür?
Medium [electronic resource] /
Statement of responsibility, etc. Abdülehad Davud ; tashih Siyami Akyel
260 ## - PUBLICATION, DISTRIBUTION, ETC.
Place of publication, distribution, etc. İstanbul :
Name of publisher, distributor, etc. Bedir Yayınları,
Date of publication, distribution, etc. 2003
300 ## - PHYSICAL DESCRIPTION
Extent 162 p.
650 #4 - SUBJECT ADDED ENTRY--TOPICAL TERM
Topical term or geographic name entry element Felsefe, Psikoloji ve Din
650 #4 - SUBJECT ADDED ENTRY--TOPICAL TERM
Topical term or geographic name entry element Philosophy, Psychology and Religion
650 #0 - SUBJECT ADDED ENTRY--TOPICAL TERM
Topical term or geographic name entry element Trinity
650 #0 - SUBJECT ADDED ENTRY--TOPICAL TERM
Topical term or geographic name entry element Jesus Christ
General subdivision Divinity
650 #0 - SUBJECT ADDED ENTRY--TOPICAL TERM
Topical term or geographic name entry element Teslis
650 #0 - SUBJECT ADDED ENTRY--TOPICAL TERM
Topical term or geographic name entry element İsa Mesih
General subdivision Tanrı
650 #7 - SUBJECT ADDED ENTRY--TOPICAL TERM
Topical term or geographic name entry element RELIGION / Biblical Studies / Bible Study Guides
Source of heading or term bisacsh
700 1# - ADDED ENTRY--PERSONAL NAME
Personal name Akyel, Siyami
856 40 - ELECTRONIC LOCATION AND ACCESS
Uniform Resource Identifier <a href="http://search.ebscohost.com/login.aspx?direct=true&scope=site&db=e011xww&AN=1083742">http://search.ebscohost.com/login.aspx?direct=true&scope=site&db=e011xww&AN=1083742</a>
Holdings
Withdrawn status Lost status Source of classification or shelving scheme Damaged status Not for loan Collection code Permanent Location Current Location Date acquired Total Checkouts Full call number Barcode Date last seen Price effective from Koha item type
        Online   Kıbrıs Amerikan Üniversitesi Kütüphanesi / American University of Cyprus Kıbrıs Amerikan Üniversitesi Kütüphanesi / American University of Cyprus 28.10.2020   BT115 .D38 2003 1083742 28.10.2020 28.10.2020 E-Kitap
Devinim Yazılım Eğitim Danışmanlık tarafından Koha'nın orjinal sürümü uyarlanarak geliştirilip kurulmuştur.